Statistics for Top 20 country to the north

Click here to take the quiz!

General Stats

  • This quiz has been taken 14 times
  • The average score is 20 of 21

Answer Stats

procentAnswer% Correct
98%canada
100%
84%denmark
100%
91%estonia
100%
92%finland
100%
81%germany
100%
94%iceland
100%
83%ireland
100%
89%kazakhstan
100%
90%latvia
100%
87%lithuania
100%
96%norway
100%
97%russia
100%
93%sweden
100%
78%ukraine
100%
85%united kingdom
100%
88%belarus
92%
79%mongolia
92%
80%netherlands
92%
82%poland
92%
86%china
83%
95%usa
83%

Score Distribution

Percentile by Number Answered

Percent of People with Each Score

Your Score History

You have not taken this quiz